| 000 | 00584nam 22002173 4500 | ||
|---|---|---|---|
| 001 | 198966 | ||
| 021 | _b25917/89 | ||
| 090 | _a198966 | ||
| 100 | _a20251112d u||y0pory50 ba | ||
| 200 |
_aArte e beleza na estética medieval _fUmberto Eco |
||
| 205 | _a1ª | ||
| 210 |
_aLisboa _cEditorial Presença _d1989 |
||
| 215 |
_a198, [2] p. _cbrochado _d22 cm |
||
| 225 | _aDimensões | ||
| 606 |
_94600 _aArquitetura |
||
| 610 | _aestética medieval | ||
| 675 |
_a72 _vPT _zpor |
||
| 700 |
_91893 _aEco _bUmberto _f1932-2016 |
||
| 801 |
_aPT _bBMMN _gRPC |
||
| 830 |
_cFernando _fFernando |
||
| 990 | _cLIVROS | ||